01325nam a22003017a 4500003000400000005001700004008004100021040002200062082001800084100002500102245003000127260006000157300002100217366000800238490003100246505001200277505010100289505024400390505001200634650005500646650004700701650004800748650004300796650004500839650005600884650004700940700003600987OSt20230621100449.0221006b |||||||| |||| 00| 0 eng d cBiblioteca Lado V a709.05bG851a aGriffin, Timeeditor aArtforum/bInternacional/ aNew Yorkc2002bNew York editorial and business offices c26.5x27cma210p. espa aNoviembrev2002x0864-1315 tLETTERS tCOLUMNSaENTRIES PASSAGES BOOKS FILM NEWS SLANT HOTLIST FIRST BREAK TOP TEN 10-20-30-40 tFEATURESgSLOW BURN: CARROLL DUNHAM PAST PERFECT: TODD HAYNES PORTFOLIO: SHELBY LEE ADAMS BEAR NECESSITIES: THE ART OF RACHEL HARRISON A THOUSAND WOURDS: JEREMY DELLER ONCE UPON A TIME IN THE EAST: PIOTR UKLANSKI OPENINGS: FORCEFIELD tREVIEWS 2Tesauro de Arte & ArquitecturaaARTE COMTEMPORANEO 2Tesauro de Arte & ArquitecturaaFOTOGRAFIA 2Tesauro de Arte & ArquitecturaaARTE VISUAL 2Tesauro de Arte & ArquitecturaaLIBROS 2Tesauro de Arte & ArquitecturaaNOTICIAS 2 Tesauro de Arte & ArquitecturaaARTE INTERNACIONAL 2 Tesauro de Arte & ArquitecturaaESCULTURA aNavarreta, Jose Antonioeeditor